Catálogo
 En Linea

La universidad, la escuela y el taller en la egida de Trujillo / (Registro nro. 32342)

Detalles MARC
000 -CABECERA
campo de control de longitud fija 00613nam a2200169 a 4500
001 - NÚMERO DE CONTROL
campo de control 000032851
005 - FECHA Y HORA DE LA ÚLTIMA TRANSACCIÓN
campo de control 20200930065855.0
008 - DATOS DE LONGITUD FIJA--INFORMACIÓN GENERAL
campo de control de longitud fija 110727s1938 dr 000 0 spa d
040 ## - FUENTE DE LA CATALOGACIÓN
Centro catalogador/agencia de origen DO-SdBNP
Lengua de catalogación spa
Centro/agencia transcriptor BNPHU
082 ## - NÚMERO DE LA CLASIFICACIÓN DECIMAL DEWEY
Número de clasificación xxx
Número de documento/Ítem H557u
049 ## - FONDOS LOCALES (OCLC)
Fondos de biblioteca BNPD
100 1# - ENTRADA PRINCIPAL--NOMBRE DE PERSONA
Nombre de persona Hernández, José Enrique
9 (RLIN) 58643
245 13 - MENCIÓN DE TÍTULO
Título La universidad, la escuela y el taller en la egida de Trujillo /
Mención de responsabilidad, etc. José Enrique Hernández.
260 ## - PUBLICACIÓN, DISTRIBUCIÓN, ETC.
Lugar de publicación, distribución, etc. Santiago, República Dominicana :
Nombre del editor, distribuidor, etc. L. H. Cruz,
Fecha de publicación, distribución, etc. 1938.
300 ## - DESCRIPCIÓN FÍSICA
Extensión 106 p. ;
Dimensiones 21 cm.
500 ## - NOTA GENERAL
Nota general Conferencia pronunciada en el Partido Dominicano en Santiago, la noche del 12 agosto de 1938
Existencias
Estado de retiro Estado de pérdida Restricciones de uso No para préstamo Código de colección Localización permanente Ubicación/localización actual Ubicación en estantería Fecha de adquisición Número de inventario Total de préstamos Signatura topográfica completa Código de barras Fecha visto por última vez Precio válido a partir de Tipo de ítem Koha Nota pública Número de copia
      Excluido de préstamo Raros y valiosos Patrimonio Dominicano Patrimonio Dominicano Depósito 27.07.2011 LF1   xxx H557u 32851-10 25.06.2020 25.06.2020 No se presta Perteneció a la biblioteca personal de Martínez Boog  
      Excluido de préstamo Raros y valiosos Patrimonio Dominicano Patrimonio Dominicano En catalogación 10.08.2011 LF1   xxx H557u 32851-20 25.06.2020 25.06.2020 No se presta Perteneció a la biblioteca personal de Julio Ortega Frier. e. 2

Con tecnología Koha